| 000 | 00389nam a2200157Ia 4500 | ||
|---|---|---|---|
| 008 | 210716s2011 xx 000 0 und d | ||
| 020 | _a9788122425772 | ||
| 041 | _aeng | ||
| 082 | _a004.65 SHIS | ||
| 100 | _aShinde, S S. | ||
| 245 | _aComputer network | ||
| 250 | _a1 | ||
| 260 |
_aNew Delhi _bNew Age International Pvt Ltd _c2011 |
||
| 300 | _axiv,404 | ||
| 650 | _aComputer Networks | ||
| 999 |
_c194347 _d194347 |
||